000
00269nam a2200109Ia 4500
008
190216s9999||||xx |||||||||||||| ||und||
100
_a
Narendran
245
4
_a
The Kerala Educational Act
260
_b
Southern Publishing Associations
650
_a
English
942
_c
BK
999
_c
11836
_d
11836